| 000 | 01372cam a22003377a 4500 | ||
|---|---|---|---|
| 001 | 14082633 | ||
| 003 | OSt | ||
| 005 | 20241017104900.0 | ||
| 008 | 050822s2005 enka b 001 0 eng d | ||
| 010 | _a 2005281273 | ||
| 015 |
_aGBA3T9642 _2bnb |
||
| 016 | 7 |
_a011620752 _2Uk |
|
| 020 | _a0521831504 | ||
| 035 | _a(OCoLC)ocm53392400 | ||
| 040 |
_aUKM _cmust _dBWKUK _dOCL _dBAKER _dDLC |
||
| 042 |
_aukblsr _alccopycat |
||
| 050 | 0 | 0 |
_aTK7871.85 _b.B6838 2005 |
| 082 | 0 | 4 |
_a621.38152 _222 |
| 100 | 1 |
_aBrennan, Kevin F., _d1956- _919271 |
|
| 245 | 1 | 0 |
_aIntroduction to semiconductor devices : _bfor computing and telecommunications applications / _cKevin F. Brennan. |
| 260 |
_aCambridge : _bCambridge University Press, _c2005. |
||
| 300 |
_axvii, 316 p. : _bill. ; _c26 cm. |
||
| 504 | _aIncludes bibliographical references and index. | ||
| 650 | 0 |
_aSemiconductors. _913406 |
|
| 856 | 4 | 2 |
_3Publisher description _uhttp://www.loc.gov/catdir/enhancements/fy0632/2005281273-d.html |
| 856 | 4 | 1 |
_3Table of contents only _uhttp://www.loc.gov/catdir/enhancements/fy0632/2005281273-t.html |
| 856 | 4 | 2 |
_3Contributor biographical information _uhttp://www.loc.gov/catdir/enhancements/fy0732/2005281273-b.html |
| 906 |
_a7 _bcbc _ccopycat _d2 _encip _f20 _gy-gencatlg |
||
| 942 |
_2ddc _cB_BANK |
||
| 999 |
_c9448 _d9448 |
||